INFORMATION TECHNOLOGY (Record no. 216056)

MARC details
000 -LEADER
fixed length control field 00428nam a22001697a 4500
008 - FIXED-LENGTH DATA ELEMENTS--GENERAL INFORMATION
fixed length control field 250830b |||||||| |||| 00| 0 eng d
020 ## - INTERNATIONAL STANDARD BOOK NUMBER
International Standard Book Number 978-81-89005-63-4
050 ## - LIBRARY OF CONGRESS CALL NUMBER
Classification number QA76.5.M38 2012
100 ## - MAIN ENTRY--PERSONAL NAME
Personal name MATHUR PRADEEP
245 ## - TITLE STATEMENT
Title INFORMATION TECHNOLOGY
260 ## - PUBLICATION, DISTRIBUTION, ETC.
Place of publication, distribution, etc. NEW DELHI
Name of publisher, distributor, etc. SAUABH
Date of publication, distribution, etc. 2012
300 ## - PHYSICAL DESCRIPTION
Extent 270P.
500 ## - GENERAL NOTE
General note INCLUDES AN INDEX
650 ## - SUBJECT ADDED ENTRY
Topical term or geographic name entry element COMUTER STUDIES
942 ## - ADDED ENTRY ELEMENTS (KOHA)
Source of classification or shelving scheme Library of Congress Classification
Koha item type Long Loan Book
Holdings
Withdrawn status Lost status Source of classification or shelving scheme Damaged status Not for loan Collection Home library Current library Shelving location Date acquired Inventory number Total checkouts Full call number Barcode Date last seen Date last checked out Copy number Price effective from Koha item type
    Library of Congress Classification     Science & Technology Kisii University Library Kisii University Library On Display 08/30/2025 094555 1 QA 76.5.M38 2012 041801 09/13/2025 08/30/2025 C.10 08/30/2025 Long Loan Book